[Event "Stay Safe Play From Home 256"]
[Site "Emanuel Lasker Arena"]
[Date "2020.06.26"]
[Round "2"]
[White "Lazieri3"]
[Black "Greblha"]
[Result "1-0"]
[WhiteElo "2012"]
[BlackElo "1978"]
[Annotator "TA"]
[PlyCount "109"]
[EventDate "2020.06.26"]
[EventType "swiss (blitz)"]

{[%evp 10,109,45,38,33,12,6,-18,-8,-18,-23,-151,-141,-285,-185,-192,-182,-168,-87,-104,-58,-54,-19,-63,0,0,0,0,0,0,14,8,18,13,14,18,6,0,25,22,43,54,62,63,54,50,82,49,49,45,33,0,47,39,90,87,134,74,203,195,181,189,236,220,267,98,98,98,94,87,240,197,117,0,0,0,0,0,0,0,0,0,0,0,0,0,0,0,0,0,0,0,29983,29984,29984,29984,29986,29986,29986,29987,29988,0]} 1. e4 c6 2. d4 d5 3. exd5 cxd5 4. c3 Nc6 5. Nf3 g6 6. Bd3 Bg7 {B13: Caro-Kann: Exchange Variation and Panov-Botvinnik Attack.} 7. Be3 Nh6 8. Qd2 Nf5 {The position is equal.} 9. Bf4 O-O {[#]} 10. g4 $146 (10. O-O $11) ({Predecessor:} 10. O-O Nd6 11. Re1 Bf5 12. Bxd6 Qxd6 13. Bxf5 gxf5 14. Qd3 e6 15. Nbd2 Rac8 16. Nb3 {1-0 (53) Fiorido,G (2092)-Andolfatto,M (1978) Palmanova 2017}) 10... Nd6 $17 11. Bh6 (11. h3 $17) 11... Re8 12. Bxg7 Kxg7 13. h3 Ne4 (13... e5 $19 {And now ...e4 would win.} 14. dxe5 Qf6) 14. Qf4 Qd6 15. Qxd6 Nxd6 (15... exd6 {feels hotter.} 16. Kf1 Bd7 17. Nbd2 Nd8 18. Bc2 Nxd2+ 19. Nxd2 Ne6) 16. O-O e5 (16... h5 $15 17. Ne5 hxg4 18. hxg4 f6 19. Nxc6 bxc6) 17. dxe5 $11 Nxe5 18. Nxe5 Rxe5 19. Nd2 Bd7 20. Nf3 $36 {[%mdl 2048] White is more active.} Re7 21. Rfe1 Rae8 22. Rxe7 Rxe7 23. Rd1 Bc6 24. Nd4 Ne4 25. Bxe4 dxe4 26. Nxc6 bxc6 $14 {[%mdl 4096] Endgame KR-KR} 27. Rd6 Rc7 28. Rd4 f5 29. gxf5 gxf5 30. Rd6 (30. f3 $5) 30... Kf7 31. Kg2 Ke7 (31... Rc8 $14) 32. Rh6 $16 Kf8 33. Kg3 (33. Rf6+ $142 Ke7 34. Rxf5) 33... Kg7 (33... Rg7+ $16 34. Kf4 Rg2) 34. Rd6 $18 a5 35. Kf4 $1 Rb7 36. b3 ({And not} 36. Kxf5 Rxb2 37. Kxe4 Rxf2 $11) 36... a4 {[#]} 37. Rxc6 $2 ({Less strong is} 37. Kxf5 axb3 38. axb3 Rxb3 $16) (37. bxa4 Ra7 $16) (37. b4 $1 $18 {is the precise move to win.}) 37... axb3 $16 38. axb3 Rxb3 39. Kxf5 Rb2 $2 (39... Rb5+ $16 40. Kxe4 Rh5) 40. Kxe4 Rxf2 41. c4 (41. Rc5 $16) 41... Rh2 $11 42. c5 Rxh3 43. Rc7+ Kg6 44. c6 Rc3 45. Kd4 Rc1 46. Kd5 h5 47. Rd7 h4 48. c7 {Black must now prevent Rd6+.} h3 49. Rd6+ Kg5 {( -> ...h2)} 50. Rc6 Rd1+ $2 {[%mdl 8192] [#]} (50... Rxc6 $11 51. Kxc6 h2) 51. Ke6 $1 {White mates.} h2 52. c8=Q h1=Q 53. Qg8+ Kf4 54. Rc4+ Ke3 55. Qg5+ $2 {[%mdl 32768] Both players deserved the win here. Accuracy: White = 68%, Black = 49%. . Loss on time!?} (55. Qg3+ {mates} Ke2 56. Qe5+ Kf2 57. Rf4+ Qf3 58. Rxf3+ Kxf3 59. Qh5+ Kg3 60. Qxd1) 1-0

[Event "Stay Safe Play From Home 256"]
[Site "Emanuel Lasker Arena"]
[Date "2020.06.26"]
[Round "2"]
[White "Buzaglo"]
[Black "Grazie"]
[Result "1-0"]
[WhiteElo "1947"]
[BlackElo "1824"]
[Annotator "TA"]
[PlyCount "81"]
[EventDate "2020.06.26"]
[EventType "swiss (blitz)"]

{[%evp 9,81,2,38,22,22,22,101,105,162,157,160,94,114,24,226,27,47,16,16,0,24,30,51,39,46,35,59,9,9,-97,-70,-103,-92,-530,-530,-539,-527,-515,-514,-561,-563,-675,-681,-677,-653,-689,-685,-636,-593,-712,-624,-898,-864,-1033,-725,-698,-682,-877,-854,-955,-736,-923,-881,-1011,-946,-1641,-1641,-1518,-1578,-1210,-1187,-5457,-5400,-2152]} 1. d4 e6 2. Nf3 d5 3. g3 Nf6 4. Bg2 Be7 5. O-O a6 6. Nbd2 {D02: 1 d4 d5 2 Nf3 sidelines, including 2...Nf6 3 g3 and 2...Nf6 3 Bf4.} Nbd7 7. c4 dxc4 (7... b6 $11) 8. Nxc4 $16 {White is better.} c5 (8... O-O $16 {keeps fighting.}) 9. dxc5 $18 Nxc5 {[%cal Bd7c5,Bc5e4,Be4f6,Bf6d5,Bd5f4,Bf4e2][%mdl 32] [#]} 10. Re1 $146 (10. Qxd8+ $142 Bxd8 11. Nfe5) ({Predecessor:} 10. Qxd8+ Bxd8 11. Nd6+ Ke7 12. Rd1 Bc7 13. Nc4 b5 14. Nd4 Nd5 15. Ne3 Bb7 16. Ndf5+ {1-0 (55) Csulits,A-Schroeder,C Aschersleben 1963}) 10... O-O 11. Bf4 ({Better is} 11. Qxd8 $16 Bxd8 12. Bf4) 11... h6 $2 {[#]} (11... Bd7 $11 {and Black stays safe.}) 12. Nce5 $2 (12. Qxd8 $1 $18 Rxd8 13. Nb6) 12... Nd5 $11 13. Bd2 Ne4 14. Bf4 Nxf4 15. gxf4 Nf6 16. Rc1 Bb4 17. Rf1 Nd5 18. Nd3 {And now e4 would win.} Bd6 19. a3 (19. e3 $11) 19... Bxf4 $17 {White is on the road to losing.} 20. Nxf4 Nxf4 21. Qa4 $2 {[%mdl 8192]} (21. e3 $17 {is tougher.} Nxg2 22. Qxd8 Rxd8 23. Kxg2) 21... Nxe2+ $19 {[%mdl 64] [#] Double Attack. Black is clearly winning.} 22. Kh1 Nxc1 23. Rxc1 Bd7 24. Qb4 Bc6 25. Nh4 Bxg2+ 26. Nxg2 Qd5 27. Kg1 Rac8 28. Re1 Rc2 29. b3 Rfc8 30. Re3 Rc1+ 31. Ne1 Qg5+ 32. Kf1 Qh5 33. Qe4 Qxh2 34. Qf3 Qh4 35. Qg3 Qxg3 36. fxg3 {KRR-KRN} R8c2 37. Re2 Rxe2 38. Kxe2 Rc3 39. Nd3 Rxb3 40. Ne5 Rxa3 41. Nd7 {[%mdl 32768] Accuracy: White = 23%, Black = 75%. . Loss on time!?} 1-0

[Event "Stay Safe Play From Home 256"]
[Site "Emanuel Lasker Arena"]
[Date "2020.06.26"]
[Round "2"]
[White "Haris kollari 13"]
[Black "Bardellosport"]
[Result "1-0"]
[WhiteElo "1722"]
[BlackElo "2026"]
[Annotator "NA"]
[PlyCount "49"]
[EventDate "2020.06.26"]
[EventType "swiss (blitz)"]

1. e4 {[%emt 0:00:01]} d6 {[%emt 0:00:00]} 2. f4 {[%emt 0:00:01]} g6 {[%emt 0:00:00]} 3. Nf3 {[%emt 0:00:01]} Bg7 {[%emt 0:00:00]} 4. d4 {[%emt 0:00:01]} Nc6 {[%emt 0:00:00]} 5. c3 {[%emt 0:00:01]} e5 {[%emt 0:00:00]} 6. d5 {[%emt 0:00:01]} Nb8 {[%emt 0:00:01]} 7. Bb5+ {[%emt 0:00:01]} Bd7 {[%emt 0:00:01]} 8. Bd3 {[%emt 0:00:01]} exf4 {[%emt 0:00:01]} 9. Bxf4 {[%emt 0:00:02]} Nf6 {[%emt 0:00:00]} 10. Nbd2 {[%emt 0:00:03]} O-O {[%emt 0:00:01]} 11. O-O {[%emt 0:00:02]} Nh5 {[%emt 0:00:01]} 12. Be3 {[%emt 0:00:01]} f5 {[%emt 0:00:01]} 13. exf5 {[%emt 0:00:06]} Bxf5 {[%emt 0:00:01]} 14. Bxf5 {[%emt 0:00:01]} Rxf5 {[%emt 0:00:00]} 15. g4 {[%emt 0:00:01]} Rf7 {[%emt 0:00:04]} 16. gxh5 {[%emt 0:00:01]} gxh5 {[%emt 0:00:00]} 17. Ng5 {[%emt 0:00:02]} Rxf1+ {[%emt 0:00:01]} 18. Qxf1 {[%emt 0:00:01]} Nd7 {[%emt 0:00:00]} 19. Qf7+ {[%emt 0:00:02]} Kh8 {[%emt 0:00:01]} 20. Ne6 {[%emt 0:00:01]} Qg8 {[%emt 0:00:01]} 21. Qxd7 {[%emt 0:00:01]} Be5+ {[%emt 0:00:02]} 22. Kh1 {[%emt 0:00:01]} Rd8 {[%emt 0:00:04]} 23. Qxd8 {[%emt 0:00:02]} Bg7 {[%emt 0:00:03]} 24. Qxg8+ {[%emt 0:00:02]} Kxg8 {[%emt 0:00:01]} 25. Rg1 {[%emt 0:00:00] Bardellosport abbandona (Lag: Av=0.33s, max=0.6s)} 1-0

[Event "Stay Safe Play From Home 256"]
[Site "Emanuel Lasker Arena"]
[Date "2020.06.26"]
[Round "3"]
[White "AChessPlayer"]
[Black "Lnram"]
[Result "1-0"]
[WhiteElo "2416"]
[BlackElo "2483"]
[Annotator "TA"]
[PlyCount "137"]
[EventDate "2020.06.26"]
[EventType "swiss (blitz)"]

{[%evp 19,136,0,15,-33,-9,-50,-27,-55,-5,-29,46,47,61,58,54,53,46,51,58,30,48,41,60,48,139,140,156,170,185,157,262,182,191,185,207,200,252,233,271,258,233,231,347,270,479,479,658,625,629,640,612,597,945,908,6503,6503,6316,5985,6195,5487,29980,29981,29982,29983,29983,29983,29984,29985,29986,29987,29987,29987,29987,29988,29988,29988,29989,0,29989,29990,29990,29991,29991,29988,29988,29989,29989,29990,29990,29990,29990,29991,29991,29992,29992,29993,29993,29993,29993,29993,29993,29994,29994,29995,29995,29996,29996,29997,29997,29996,29997,29998,29998,29997,29997,29998,29998,29998,29999]} 1. Nf3 d5 2. g3 g6 3. Bg2 Bg7 4. O-O Nf6 5. c4 O-O 6. cxd5 Nxd5 7. Nc3 c5 8. d3 Nc6 9. Nxd5 Qxd5 10. Be3 Qd6 11. Qd2 {A38: Symmetrical English vs ...g6: 4 Bg2 Bg7 5 Nf3 Nf6.} b6 {[#]} 12. Rfc1 $146 ({Predecessor:} 12. Bh6 Bb7 13. Bxg7 Kxg7 14. Qc3+ Kg8 15. e3 Rfd8 16. Rfd1 Qf6 17. Qxf6 exf6 18. d4 cxd4 19. Nxd4 Nxd4 20. Bxb7 {½-½ (26) Werner,T (1772)-Guenther,E (1689) Willingen 2019}) 12... Bb7 13. a3 {Black has an edge.} Rad8 14. Bh6 Nd4 ({Better is} 14... a5 $11) 15. Bxg7 $14 Kxg7 16. Nxd4 Bxg2 17. Nf5+ gxf5 18. Kxg2 Qf6 19. Rc4 e6 20. Rac1 Rd4 21. b4 Rfd8 (21... Rxc4 $14 22. Rxc4 cxb4) 22. bxc5 $16 bxc5 23. Rxc5 f4 24. f3 e5 (24... fxg3 $16 25. Rg5+ (25. hxg3 R4d5 $16) 25... Kh8) 25. Rc6 R8d6 26. Rxd6 Rxd6 $18 {[%mdl 4096] Endgame KQR-KQR} 27. Qb4 Rd4 28. Qb7 h5 29. Rc6 $40 {[%mdl 128] Black is in trouble.} Qg5 {intending ...fxg3.} 30. Rc7 ({Worse is} 30. Qxa7 fxg3 31. hxg3 h4 $11) 30... Qf5 (30... Qf6 $142 31. Qxa7 fxg3 32. hxg3 h4) 31. Qxa7 h4 $2 (31... fxg3 32. hxg3 h4) 32. g4 h3+ 33. Kxh3 Qf6 34. Kg2 Rd6 35. Qb7 Rb6 {[#]} 36. Rxf7+ $1 {[%mdl 576] Deflection} Qxf7 37. Qxb6 {KQ-KQ} Qa2 38. Kf2 Qa1 39. Qc5 Qh1 40. Qxe5+ {[%mdl 64] Double Attack} Kg6 41. Qxf4 Qa1 42. d4 Qxa3 43. h4 Qe7 44. h5+ Kg7 45. g5 Qd7 46. h6+ Kg6 47. Qf6+ Kh5 48. Qf4 $2 (48. Qg7 {mates} Qh3 49. h7 Qh2+ 50. Ke3 Qg1+ 51. Kf4 Qh2+ 52. Kf5 Qh3+ 53. Kf6) 48... Qh3 $2 {[%mdl 8192] [#]} (48... Kg6 $11 49. Qe4+ Kf7 50. Qh7+ Ke8 51. Qxd7+ Kxd7 52. h7 Kc6 53. g6 Kb5) 49. Qg4+ $1 {[%mdl 64] Promotion. White mates.} Qxg4 50. fxg4+ {KP-KP} Kg6 {[#]} 51. h7 $1 {[%mdl 64] Promotion} Kxh7 52. d5 Kg6 53. d6 Kf7 54. d7 Ke7 55. g6 Kxd7 56. g7 Ke6 57. g8=Q+ Kd6 58. Qh7 Kc6 59. Qh5 Kb6 60. Qf5 Kc7 61. g5 Kd6 62. g6 Ke7 63. g7 Kd6 64. Qf8+ Ke6 65. g8=Q+ Kd7 66. Qgg7+ Ke6 67. Qff6+ Kd5 68. Qgg5+ Ke4 69. Qff4# {Black did not feel at home in the position after the opening. Accuracy: White = 72%, Black = 42%.} 1-0

[Event "Stay Safe Play From Home 256"]
[Site "Emanuel Lasker Arena"]
[Date "2020.06.26"]
[Round "3"]
[White "SoulofWolf"]
[Black "Buzaglo"]
[Result "1-0"]
[WhiteElo "2271"]
[BlackElo "1958"]
[Annotator "TA"]
[PlyCount "149"]
[EventDate "2020.06.26"]
[EventType "swiss (blitz)"]

{[%evp 9,149,-62,19,30,33,11,13,16,20,0,12,-14,-12,-39,1,-15,30,13,21,7,47,47,62,51,156,92,182,177,177,112,216,125,205,175,182,170,164,168,156,170,145,119,262,231,226,0,0,0,0,0,0,0,0,0,0,0,0,0,0,0,0,0,0,0,0,0,0,0,0,0,0,0,0,0,6,6,6,6,6,0,216,0,8,0,0,0,0,0,0,0,0,0,0,0,0,0,0,0,0,0,6,0,8,8,8,8,72,8,72,0,72,8,8,8,8,8,8,8,8,8,8,8,8,8,8,8,12843,8,8,8,8,0,23,0,0,0,11,11,41,41,12834,-29988]} 1. Nf3 e6 2. c4 d5 3. e3 Nf6 4. b3 dxc4 5. Bb2 c5 (5... cxb3 $1 $15 6. Qxb3 Nc6) 6. Bxc4 $11 {A13: English Opening: 1...e6.} a6 7. a4 Nc6 8. O-O {The position is equal.} Be7 {[#]} 9. Na3 $146 ({Predecessor:} 9. Qe2 O-O 10. Rd1 b6 11. Nc3 Bb7 12. d4 cxd4 13. Nxd4 Nxd4 14. Rxd4 Qc7 15. Rh4 {1-0 (38) Vaisser,A (2571)-Skripchenko,A (2489) Paris 2003}) 9... O-O 10. Nc2 Qc7 11. h3 Bd6 12. Re1 Ne5 13. Be2 Nxf3+ 14. Bxf3 Be5 15. d4 cxd4 16. Nxd4 Bxd4 (16... Bh2+ $14 17. Kh1 Be5) 17. Bxd4 (17. Qxd4 $142 {Threatens to win with Qh4.} Bd7 18. Rac1) 17... Bd7 (17... e5 $16) 18. Rc1 Bc6 19. b4 (19. Bxc6 $18 bxc6 20. Bxf6 gxf6 21. Rc5) 19... Qd7 (19... Rfd8 $16) 20. Bxf6 ({White should try} 20. Bxc6 $18 bxc6 21. Bxf6 Qxd1 22. Rexd1 gxf6 23. Rxc6) 20... gxf6 (20... Qxd1 $16 {was worth a try.} 21. Rexd1 Bxf3 22. gxf3 gxf6) 21. Qxd7 Bxd7 22. a5 $1 ({Don't do} 22. Bxb7 $6 Rab8 $16) 22... Rab8 23. Rc7 Bc6 24. Bxc6 bxc6 25. Rxc6 $16 {[%mdl 4096] Endgame KRR-KRR} Rb5 (25... Rxb4 $16 26. Rxa6 Ra4) 26. Rxa6 $18 Rxb4 27. Rb6 $2 ({Better is} 27. Ra1 $1 $18) 27... Ra4 $1 $11 28. a6 Ra8 29. Rc1 (29. Re2 {with more complications.} R4xa6 30. Rbb2 Ra1+ 31. Kh2 Kg7 32. Rec2) 29... R4xa6 30. Rxa6 (30. Rbb1 {seems wilder.} f5 31. g3 Ra2 32. Kg2 Rd2 33. Ra1) 30... Rxa6 {KR-KR} 31. Rc2 Ra1+ 32. Kh2 Ra4 33. Kg3 Kg7 34. Rc7 Rb4 35. h4 Ra4 36. Rb7 Ra5 37. Rc7 Rf5 38. Rc4 Re5 39. Rg4+ Kf8 40. Ra4 Ke7 41. Ra8 Kd7 42. Rh8 h5 43. Ra8 Rc5 44. Ra7+ Kd6 $2 (44... Ke8 $1 $11) 45. Ra3 $2 (45. Rxf7 $18 Ke5 46. e4 $1 {[%mdl 512]}) 45... Rc6 46. Ra5 f5 47. Ra4 Ke7 48. Rd4 Kf6 49. Rb4 Rc2 50. Kf3 Ra2 51. Rb8 Ra6 52. Rh8 Kg6 53. Rg8+ Kf6 54. Rb8 e5 55. Rb7 e4+ 56. Kg3 Ra2 57. Rb8 Kg6 (57... Kg7 $11 {remains equal.}) 58. Rh8 (58. Rg8+ $1 $16 Kf6 59. Rg5) 58... Ra3 (58... f6 $11) 59. Rb8 Ra2 {[#]} 60. Rb6+ ({White should play} 60. Rg8+ $1 $16 Kh6 61. Rg5) 60... f6 61. Rb3 Ra4 62. Rc3 Rb4 63. Rc1 Rb6 64. Rd1 Re6 65. Rd7 Re8 66. Ra7 Rg8 67. Kh2 Rg7 $2 {[%mdl 8192] [#]} (67... Rb8 $11) 68. Ra6 $2 ({Only move:} 68. Rxg7+ $1 $18 Kxg7 69. Kg3) 68... Rf7 69. Ra3 Kg7 70. f3 Re7 71. fxe4 fxe4 72. Ra4 f5 73. Kg3 Kf6 74. Kf4 {And now Ra5 would win.} Re6 $2 {[%mdl 8192]} (74... Kg6 $14) 75. Ra6 $4 {[%mdl 40960] Accuracy: White = 78%, Black = 68%. . Loss on time!?} (75. Ra5 $18 Kg6 76. Rxf5) 1-0

[Event "Stay Safe Play From Home 256"]
[Site "Emanuel Lasker Arena"]
[Date "2020.06.26"]
[Round "3"]
[White "Lamborghini"]
[Black "Lazieri3"]
[Result "1-0"]
[WhiteElo "2194"]
[BlackElo "2028"]
[Annotator "TA"]
[PlyCount "87"]
[EventDate "2020.06.26"]
[EventType "swiss (blitz)"]

{[%evp 11,86,35,34,18,25,16,22,-30,0,-52,-27,-56,-37,-48,-33,-41,-31,-52,22,22,35,20,380,38,38,38,152,0,0,0,0,-79,-86,-93,-90,-117,-59,-89,52,-14,0,-6,-14,-20,-7,-104,-104,-125,-125,-150,-141,-158,-7,-21,-56,-476,0,0,0,0,0,0,11,0,0,0,191,191,191,180,180,0,159,0,0,0,29999]} 1. e4 c6 2. d4 d5 3. Nc3 dxe4 4. Nxe4 Nd7 5. Ng5 Ndf6 6. Bc4 e6 7. N5f3 {B17: Caro-Kann: Modern Line (4...Nd7).} Bd6 8. Qe2 Ne7 {[#]} 9. Bg5 $146 (9. Ne5 $142) ({Predecessor:} 9. Ne5 O-O 10. Ngf3 Bxe5 11. dxe5 Nfd5 12. Bd2 Ng6 13. O-O-O b5 14. Bd3 Ngf4 15. Bxf4 Nxf4 16. Bxh7+ {1-0 (26) Semenova,E (2170)-Kassel,W (1923) Brno 2015}) 9... Ned5 10. O-O-O (10. c3 $11) 10... h6 11. Bh4 Qc7 12. Bg3 Nf4 13. Bxf4 Bxf4+ 14. Kb1 b6 (14... b5 $15 15. Bd3 a6) 15. Ne5 $11 Bb7 16. Ngf3 O-O-O $2 {[%mdl 8192] [#]} (16... O-O $11) 17. g3 $2 ({Only move:} 17. Nxf7 $1 $18 {[%mdl 512]} Kb8 (17... Qxf7 18. Bxe6+) 18. Nxd8 Rxd8 19. Bxe6) 17... Bxe5 $1 $14 18. Nxe5 c5 {[#]} (18... Kb8 $14) 19. Ba6 $2 (19. Nxf7 $1 $16 {[%mdl 512]} Bxh1 (19... Qxf7 20. Bxe6+) 20. Rxh1 (20. Bxe6+ Kb8 $16)) 19... Rxd4 $11 20. Bxb7+ Qxb7 21. Rhe1 (21. Rxd4 $11 Qxh1+ 22. Rd1) 21... Rhd8 $17 22. Rxd4 Rxd4 23. c3 Rd5 (23... Re4 $17 24. Qf1 Rxe1+ 25. Qxe1 Ne8) 24. f4 Qe7 (24... Ne8 $17) 25. Qb5 (25. Qa6+ $14 Qb7 26. Qxb7+ Kxb7 27. Kc2) 25... Qd6 {aiming for ...Rd1+.} 26. Qe2 (26. a4 {is more complex.} Qc7 27. a5 bxa5 28. Qa6+ Kb8 29. Kc2) 26... Qc7 27. a4 h5 (27... Rd6 {is interesting.} 28. Qa6+ Kb8 29. Kc2 Rd8 30. Qb5 Kb7) 28. Qc4 {[#]} (28. a5 $11) 28... Ng4 $1 {[%cal Rg4e5]} 29. Nxg4 hxg4 {[%mdl 4096] Endgame KQR-KQR} 30. Ka2 Qd7 31. Re2 Rd2 $2 ({Black should play} 31... Kd8 $17 32. b3 Rd2+ 33. Ka3 Rd1) 32. Rxd2 $11 Qxd2 {KQ-KQ} 33. f5 $2 {[%mdl 8192]} (33. Qa6+ $15 Kb8 34. a5) 33... Qd1 $2 (33... Qd5 $19 34. Kb3 Qxc4+ 35. Kxc4 exf5) 34. fxe6 fxe6 35. Qxe6+ Kb7 36. Qe4+ Ka6 37. Qc4+ Kb7 38. a5 bxa5 $2 (38... Kc7 $11 {and Black has nothing to worry.}) 39. Qb5+ $18 (39. Qxc5 Qa4+ 40. Qa3 Qxa3+ 41. bxa3 Kb6 $11) 39... Ka8 40. Qc6+ {[%mdl 1024] White has strong compensation.} ({But not} 40. Qxc5 $6 Qa4+ 41. Qa3 Qxa3+ 42. Kxa3 Kb7 $16) ({Much less strong is} 40. Qxa5 $6 Qd6 $14) 40... Kb8 41. Qb5+ Ka8 42. Qe8+ $2 ({Resist} 42. Qxa5 Qd6 $16) ({White should try} 42. Qxc5 $16 {[%cal Rc5c8]} Qa4+ 43. Qa3 Qxa3+ 44. Kxa3) 42... Kb7 $11 43. c4 Ka6 $2 {[%mdl 8192]} (43... a4 $11) 44. Qb5# {Both players deserved the win here. Accuracy: White = 54%, Black = 53%.} 1-0

[Event "Stay Safe Play From Home 256"]
[Site "Emanuel Lasker Arena"]
[Date "2020.06.26"]
[Round "3"]
[White "Bardellosport"]
[Black "Grizzzly"]
[Result "1-0"]
[WhiteElo "1997"]
[BlackElo "1813"]
[Annotator "TA"]
[PlyCount "63"]
[EventDate "2020.06.26"]
[EventType "swiss (blitz)"]

{[%evp 9,63,17,18,23,18,23,43,32,37,41,57,25,41,33,103,64,87,48,267,216,204,67,89,52,117,91,88,65,312,320,410,117,107,-474,-502,-503,107,105,99,110,90,0,544,527,1587,501,471,481,1117,1072,1356,1369,29989,29990,29990,29991]} 1. d4 d5 2. e3 e6 3. Nf3 Nf6 4. b3 c6 5. Bb2 Bd6 6. Bd3 {D05: Colle System with ...e6.} Nbd7 7. Qe2 {[#]} Qe7 $146 ({Predecessor:} 7... Ne4 8. Nbd2 f5 9. O-O O-O 10. Rad1 Ndf6 11. Ne5 Bd7 12. Nxd7 Qxd7 13. f3 Nxd2 14. Rxd2 {0-1 (58) Winand,E (2055)-Escher,H (2127) Frankfurt 2009}) 8. Nbd2 {White is slightly better.} O-O 9. Ne5 c5 10. f4 cxd4 11. exd4 Re8 (11... Ba3 $14 12. Bxa3 Qxa3) 12. O-O Nf8 13. c4 Bxe5 $2 ({Black should try} 13... b6 $14) 14. dxe5 ({Less strong is} 14. Qxe5 Ng6 $14) 14... N6d7 15. g4 (15. Rac1 $18) 15... Nc5 $14 16. Bc2 dxc4 (16... b6 $1 $14) 17. Nxc4 $16 b6 18. f5 Bb7 $2 {[#]} (18... exf5 $14 19. gxf5 Qg5+ 20. Qg2 Qxg2+ 21. Kxg2 Ba6) 19. f6 $1 $18 {[%cal Rf6e7]} Qc7 20. Qe3 $2 (20. Nd6 $18) 20... Qc6 {[%csl Gb7][%cal Rc6g2] [#]} 21. Kf2 $2 {[%mdl 8192]} (21. Qg3 $1 $16 {keeps the pressure on.}) 21... Qg2+ $19 {[%mdl 64] Double Attack} 22. Ke1 {Hoping for Rf2.} Ne4 $2 (22... Qxc2 $19 23. Qd2 Nd3+ 24. Ke2 Qxd2+ 25. Kxd2 Nxb2 26. Nxb2 Ng6) 23. Bxe4 $40 {[%mdl 128] White is out for blood.} Bxe4 24. Rf2 Qg1+ 25. Ke2 ({White should play} 25. Kd2 $16 Qxg4 26. Nd6) 25... Bd3+ $2 {[%mdl 8192]} (25... Qxg4+ $11 {and Black stays safe.} 26. Ke1 Bg6) 26. Qxd3 Rad8 {And now ...Qxf2+ would win.} 27. Qe3 (27. Qf3 $142 Qxa1 28. Bxa1) 27... Qxg4+ $18 28. Qf3 Qg6 (28... Qxf3+ $142 29. Rxf3 Rd5 30. fxg7 Ng6) 29. Rg2 Qc2+ 30. Kf1 Rd1+ 31. Rxd1 Qxd1+ 32. Qxd1 {Accuracy: White = 45%, Black = 36%.} 1-0

[Event "Stay Safe Play From Home 256"]
[Site "Emanuel Lasker Arena"]
[Date "2020.06.26"]
[Round "3"]
[White "Greblha"]
[Black "Haris kollari 13"]
[Result "1-0"]
[WhiteElo "1962"]
[BlackElo "1751"]
[Annotator "NA"]
[PlyCount "85"]
[EventDate "2020.06.26"]
[EventType "swiss (blitz)"]

1. e4 {[%emt 0:00:01]} e6 {[%emt 0:00:00]} 2. Qe2 {[%emt 0:00:01]} d6 {[%emt 0:00:01]} 3. d4 {[%emt 0:00:01]} e5 {[%emt 0:00:02]} 4. dxe5 {[%emt 0:00:02]} dxe5 {[%emt 0:00:01]} 5. Nc3 {[%emt 0:00:01]} Bd6 {[%emt 0:00:01]} 6. Be3 {[%emt 0:00:01]} Bd7 {[%emt 0:00:01]} 7. O-O-O {[%emt 0:00:01]} Ne7 {[%emt 0:00:01]} 8. Nd5 {[%emt 0:00:01]} O-O {[%emt 0:00:01]} 9. Nxe7+ {[%emt 0:00:01]} Qxe7 {[%emt 0:00:01]} 10. Qh5 {[%emt 0:00:01]} g6 {[%emt 0:00:02]} 11. Qh6 {[%emt 0:00:01]} Nc6 {[%emt 0:00:03]} 12. Bc4 {[%emt 0:00:02]} Be6 {[%emt 0:00:02]} 13. Bxe6 {[%emt 0:00:02]} Qxe6 {[%emt 0:00:01]} 14. Bg5 {[%emt 0:00:01]} f6 {[%emt 0:00:02]} 15. Bd2 {[%emt 0:00:03]} Qxa2 {[%emt 0:00:02]} 16. Bc3 {[%emt 0:00:00]} Bb4 {[%emt 0:00:03]} 17. Ne2 {[%emt 0:00:02]} Rad8 {[%emt 0:00:06]} 18. b3 {[%emt 0:00:01]} Bxc3 {[%emt 0:00:02]} 19. Nxc3 {[%emt 0:00:01]} Qa1+ {[%emt 0:00:00]} 20. Nb1 {[%emt 0:00:01]} Nd4 {[%emt 0:00:01]} 21. h4 {[%emt 0:00:02]} a5 {[%emt 0:00:03]} 22. Rhe1 {[%emt 0:00:02]} a4 {[%emt 0:00:02]} 23. Qe3 {[%emt 0:00:03]} axb3 {[%emt 0:00:01]} 24. cxb3 {[%emt 0:00:01]} c5 {[%emt 0:00:02]} 25. Qc3 {[%emt 0:00:01]} b5 {[%emt 0:00:01]} 26. Qxa1 {[%emt 0:00:01]} Nxb3+ {[%emt 0:00:03]} 27. Kb2 {[%emt 0:00:02]} Nxa1 {[%emt 0:00:01]} 28. Kxa1 {[%emt 0:00:00]} Rd4 {[%emt 0:00:01]} 29. Rxd4 {[%emt 0:00:01]} exd4 {[%emt 0:00:01]} 30. Kb2 {[%emt 0:00:00]} Rb8 {[%emt 0:00:01]} 31. Nd2 {[%emt 0:00:01]} c4 {[%emt 0:00:01]} 32. Ra1 {[%emt 0:00:02]} c3+ {[%emt 0:00:01]} 33. Kc2 {[%emt 0:00:01]} cxd2 {[%emt 0:00:01]} 34. Kxd2 {[%emt 0:00:00]} b4 {[%emt 0:00:01]} 35. Rb1 {[%emt 0:00:00]} b3 {[%emt 0:00:00]} 36. Rb2 {[%emt 0:00:01]} Rb4 {[%emt 0:00:02]} 37. Kd3 {[%emt 0:00:01]} Kf7 {[%emt 0:00:01]} 38. f4 {[%emt 0:00:01]} Ke6 {[%emt 0:00:01]} 39. g4 {[%emt 0:00:00]} h5 {[%emt 0:00:01]} 40. gxh5 {[%emt 0:00:01]} gxh5 {[%emt 0:00:00]} 41. f5+ {[%emt 0:00:01]} Ke5 {[%emt 0:00:01]} 42. Rb1 {[%emt 0:00:01]} b2 {[%emt 0:00:00] '} 43. Kc2 {[%emt 0:00:01] Time (Lag: Av=0.38s, max=0.6s)} 1-0